Daily Country Riddle #155 - Statistics

General Stats
  • This quiz has been taken 143 times
  • The average score is 10 of 17
Answer Stats
Type Answer % Correct
Found Letter A
100%
Found Letter I
94%
Found Letter N
83%
Found Letter T
78%
Found Letter S
75%
Found Letter E
63%
Correctly Placed Letter A
58%
Correctly Placed Letter N
57%
Found Letter I
46%
Found Letter W
43%
Correctly Placed Letter E
41%
Correctly Placed Letter I
39%
Correctly Placed Letter I
38%
Mystery Country Eswatini
35%
Correctly Placed Letter S
35%
Correctly Placed Letter T
35%
Correctly Placed Letter W
35%
No matching quizzes found
Score Distribution
Percent of People with Each Score
Percentile by Number Answered
Your Score History
You have not taken this quiz